| 000 | 00000cam 2200000zi 4500 |
| 001 | 9.957900 |
| 003 | CaOODSP |
| 005 | 20260420131949 |
| 006 | m o d f |
| 007 | cr cn||||||||| |
| 008 | 251202e20251211onc obs f000 0 fre d |
| 020 | |a9780660975382 |
| 040 | |aCaOODSP|bfre|erda|cCaOODSP |
| 043 | |an-cn--- |
| 086 | 1 |aCS11-621/193F-PDF |
| 100 | 1 |aPalmer, Kaiden, |eauteur. |
| 245 | 10|aAnalyse des petites entreprises au Canada, quatrième trimestre de 2025 / |cpar Kaiden Palmer, Stephanie Tam et Chris Johnston. |
| 264 | 1|a[Ottawa] : |bStatistique Canada = Statistics Canada, |cdécembre 11, 2025. |
| 264 | 4|c©2025 |
| 300 | |a1 ressource en ligne (6 pages). |
| 336 | |atexte|btxt|2rdacontent/fre |
| 337 | |ainformatique|bc|2rdamedia/fre |
| 338 | |aressource en ligne|bcr|2rdacarrier/fre |
| 490 | 1 |aAnalyse en bref, |x1707-0511 |
| 500 | |aTitre de la couverture. |
| 500 | |aLe fichier de publication en format PDF a été remplacé le 20-04-2026 à la requête de Statistique Canada. |
| 500 | |aPublié aussi en anglais sous le titre : Analysis on small businesses in Canada, fourth quarter of 2025. |
| 500 | |a« Date de diffusion : le 11 décembre 2025. » |
| 500 | |a« Date de correction : le 26 mars 2026. » |
| 500 | |a« Le 18 mars 2026, les poids d'enquête appliqués à tous les tableaux de l'Enquête canadienne sur la situation des entreprises pour le quatrième trimestre de 2025 ont été corrigés. Par conséquent, de nombreux points de données ont été mis à jour. Toutefois, certaines valeurs sont restées inchangées. Par conséquent, des mises à jour ont été apportées aux points de données touchés dans l'article pour refléter les valeurs corrigées » -- Avis de correction. |
| 504 | |aComprend des références bibliographiques. |
| 650 | 6|aPetites et moyennes entreprises|zCanada|vStatistiques. |
| 655 | 7|aStatistiques|2rvmgf |
| 710 | 2 |aStatistique Canada, |eorganisme de publication. |
| 775 | 08|tAnalysis on small businesses in Canada, fourth quarter of 2025 / |w(CaOODSP)9.957898 |
| 830 | #0|aAnalyse en bref (Statistique Canada)|w(CaOODSP)9.501126 |
| 856 | 40|qPDF|s214 Ko|uhttps://publications.gc.ca/collections/collection_2025/statcan/11-621-m/11-621-m2025015-fra.pdf |
| 856 | 4 |qHTML|sS.O.|uhttps://www150.statcan.gc.ca/n1/pub/11-621-m/11-621-m2025015-fra.htm |
| 986 | |a11‑621‑M |